LEADER 01298nam 2200349Ia 450 001 996389702303316 005 20221102113324.0 035 $a(CKB)1000000000647582 035 $a(EEBO)2240877337 035 $a(OCoLC)64551363 035 $a(EXLCZ)991000000000647582 100 $a20060306d1689 uy 0 101 0 $aeng 135 $aurbn||||a|bb| 200 02$aA list of Their Majesties Royal Fleet$b[electronic resource] $enow actually at sea, with the number of men and guns; also the commanders names 210 $aLondon $cPrinted for John Amery at the Sign of the Peacock in Fleetstreet and are to be sold by Randal Taylor, near Stationers-hall$d1689 215 $a1 sheet ([1] p.) 300 $aCaption title. 300 $aImprint from colophon. 300 $aText printed in columns. 300 $aReproduction of the original in the National Library of Scotland. 330 $aeebo-0021 606 $aWarships$zEngland$vRegisters$vEarly works to 1800 607 $aGreat Britain$xHistory, Naval$yStuarts, 1603-1714$vSources 608 $aBroadsides$zEngland$y17th century.$2rbgenr 615 0$aWarships 801 0$bUMI 801 1$bUMI 906 $aBOOK 912 $a996389702303316 996 $aA list of Their Majesties Royal Fleet$92400747 997 $aUNISA LEADER 01339nas 2200397-a 450 001 996274643503316 005 20240413024544.0 035 $a(DE-599)ZDB2115894-0 035 $a(CKB)111056645815082 035 $a(CONSER)--2003213507 035 $a(EXLCZ)99111056645815082 100 $a20030117b20032019 --- a 101 0 $aeng 181 $ctxt$2rdacontent 182 $cc$2rdamedia 183 $acr$2rdacarrier 200 10$aApparel 210 $aNew York, NY $cVNU Business Publications$dİ2003- 215 $a1 online resource 300 $aTitle from cover. 300 $aPublished by: Edgell Communications Inc. : Randolph, NJ, 300 $aEnsembleIQ purchased Edgell Communications. Apparel is now part of another EnsembleIQ publication - Consumer Goods Technology, per publisher's email 4/6/18. 311 08$aPrint version: Apparel (New York, N.Y.) 1543-2009 (DLC) 2003213507 (OCoLC)51461605 531 0 $aApparel 606 $aClothing trade$vPeriodicals 606 $aClothing trade$2fast$3(OCoLC)fst00864754 608 $aPeriodicals.$2fast 608 $aPeriodicals.$2lcgft 615 0$aClothing trade 615 7$aClothing trade. 676 $a391 906 $aJOURNAL 912 $a996274643503316 920 $aexl_impl conversion 996 $aApparel$92192816 997 $aUNISA